Crítica de la teoría del desarrollo / (Registro nro. 8787)

Detalles MARC
000 -LEADER
fixed length control field 01626nam a2200313Ia 4500
003 - CONTROL NUMBER IDENTIFIER
control field OSt
005 - DATE AND TIME OF LATEST TRANSACTION
control field 20211123115037.0
008 - FIXED-LENGTH DATA ELEMENTS--GENERAL INFORMATION
fixed length control field 210310t1988 sp fr 001 0 spa d
020 ## - INTERNATIONAL STANDARD BOOK NUMBER
International Standard Book Number 8475304311
040 ## - CATALOGING SOURCE
Original cataloging agency CO-JMCR
Transcribing agency CO-JMCR
041 1# - LANGUAGE CODE
Language code of text/sound track or separate title spa
Language code of original eng
082 04 - DEWEY DECIMAL CLASSIFICATION NUMBER
Classification number 338.91 /
Item number B344c
Edition number 23
100 1# - MAIN ENTRY--PERSONAL NAME
Personal name Bauer, Peter Thomas,
9 (RLIN) 18287
Relator term autor
245 10 - TITLE STATEMENT
Title Crítica de la teoría del desarrollo /
Statement of responsibility, etc. P. T. Bauer ; [traducción de Paolo Donatelli, Graziella Costa y José García-Durán]
260 ## - PUBLICATION, DISTRIBUTION, ETC.
Place of publication, distribution, etc. Barcelona :
Name of publisher, distributor, etc. Ediciones Orbis, S.A.,
Date of publication, distribution, etc. ©1988
300 ## - PHYSICAL DESCRIPTION
Extent 510 páginas ;
Dimensions 20 cm.
490 0# - SERIES STATEMENT
Series statement Biblioteca de Economía
500 ## - GENERAL NOTE
General note Incluye notas a pie de página e índice alfabético.<br/>Título original: Dissent on development economics and debates in development economics
504 ## - BIBLIOGRAPHY, ETC. NOTE
Bibliography, etc. note Bibliografía: páginas 487-492
505 0# - FORMATTED CONTENTS NOTE
Formatted contents note El circulo vicioso de la pobreza y la ampliación de la brecha -- Crítica de la teoría del desarrollo -- La economía del resentimiento: colonialismo y subdesarrollo -- El marxismo y los países subdesarrollados -- Perspectivas asiáticos -- Una crítica de la UNCTAD -- La economía como forma de asistencia técnica -- El estudio de las economías subdesarrolladas -- El consenso espúreo y sus antecedentes
546 ## - LANGUAGE NOTE
Language note Traducido del inglés.
650 14 - SUBJECT ADDED ENTRY--TOPICAL TERM
Topical term or geographic name entry element Desarrollo económico
9 (RLIN) 18289
650 24 - SUBJECT ADDED ENTRY--TOPICAL TERM
Topical term or geographic name entry element Países en vías de desarrollo
9 (RLIN) 41651
650 24 - SUBJECT ADDED ENTRY--TOPICAL TERM
Topical term or geographic name entry element Desarrollo económico y social
9 (RLIN) 41652
700 1# - ADDED ENTRY--PERSONAL NAME
Personal name Donatelli, Paolo,
Relator term traductor
9 (RLIN) 41653
700 1# - ADDED ENTRY--PERSONAL NAME
Personal name Costa, Graziella,
Relator term traductora
9 (RLIN) 41654
700 1# - ADDED ENTRY--PERSONAL NAME
Personal name García-Durán, José,
Relator term traductor
9 (RLIN) 6115
942 ## - ADDED ENTRY ELEMENTS (KOHA)
Source of classification or shelving scheme Dewey Decimal Classification
Koha item type Books
Existencias
Withdrawn status Lost status Source of classification or shelving scheme Damaged status Not for loan Collection code Home library Current library Date acquired Source of acquisition Full call number Barcode Date last seen Copy number Koha item type
    Dewey Decimal Classification     Non-fiction Biblioteca Pública José María del Castillo y Rada Biblioteca Pública José María del Castillo y Rada 04/15/2018 Donación 338.91 / B344c 430004977 05/16/2024 Ej.1 Books